000 00496nam a2200193Ia 4500
008 101110s9999 xx 000 0 und d
041 _aENGLISH
082 _bSR9781
_a657
100 _aGrewal T.S.
245 _aIntroduction to Accountancy 3rd rev.ed
365 _b16.5
520 _aCommerce
546 _aENGLISH
630 _aIntroduction to Accountancy 3rd rev.ed
650 _aCommerce
655 _aCommerce
730 _aIntroduction to Accountancy 3rd rev.ed
942 _cBOOK
999 _c804835
_d804832